Представление документа в формате RUSMARC

ПолеНазваниеЗначение
  Тип записи c
  Библиографический уровень m
001 Контрольный номер RU/УОНБ/EK_N/628257635
005 Дата корректировки 20250520124102.4
010 Индекс ISBN __
9 Тираж 760 экз.
013 Номер (ISMN) __
d Цена 57 к.
071 Издательские номер (звукозапись и ноты) 21
a Номер, присвоенный агентством 2747
100 Данные общей обработки __
a Данные общей обработки 20191128d1973 u y0rusy0103||||ca
101 Язык документа 0_
a Язык текста rus
f Язык титульного листа rus
102 Страна публикации __
a Страна публикации RU
125 Кодированные данные звукозаписи и нотных изданий __
a Форма изложения нотного текста с|
128 Кодированные данные (звукозаписи-физические характеристики) __
a Кодированные данные: Музыкальная форма и тональность или лад li
b Инструменты или голоса, необходимые для ансамблей (устаревшее) ka||
c Инструменты или голоса, рекомендуемые для солистов (устаревшее) vu||
200 Заглавие и сведения об ответственности 1_
a Заглавие Песни и романсы
b Общее обозначение материала Ноты
e Сведения, относящиеся к заглавию для голоса в сопровожд. фп.
f Первые сведения об ответственности Софья Нисс
g Последующие сведения об ответственности предисл. Ан. Александрова
210 Выходные данные 1_
a Место издания Москва
c Издательство Советский композитор
d Дата издания 1973
215 Физическое описание __
a Объем 44 с.
d Формат 29 см
225 Серия 1_
a Серия Песни и романсы советских композиторов
327 Примечание о содержании 11
a Примечание о содержании Содерж. : Русские акварели : цикл на сл. А. Прокофьева : Березка моя ; Я не даривал ей перстня ; Сама, как верба ; Утро было розово ; Померкло колечко ; Хорошее настроение. - Две песни : на сл. Дж. Родари : Служанка ; Карусель. - Цикл песен : на сл. Л. Хьюза : Труженик / пер. И. Комаровой ; Издольщики / пер. В. Британишского ; Беглец / пер. В. Васильева ; Силуэт / пер. Г. Бена. - Время : три романса из цикла на сл. Р. Гамзатова : Ушедшее ; Утро и вечер ; Гордость / пер. Н. Гребнева.
464 Аналитический уровень _0
1 2001
a Березка моя...
e Эх, березка моя белоствольная...
1 702 1
a Прокофьев
b А.
4 520
1 50010
a Русские акварели
464 Аналитический уровень _0
1 2001
a Служанка
e Вечно ворчит на служанку хозяйка...
1 702 1
a Родари
b Дж.
4 520
1 702 1
a Маршак
b С.
4 730
464 Аналитический уровень _0
1 2001
a Труженик
e Копаю землю день-деньской...
1 702 1
a Хьюз
b Л.
4 520
1 702 1
a Комарова
b И.
4 730
464 Аналитический уровень _0
1 2001
a Ушедшее
e То, что проходит, тем мы не владеем...
e романс из цикла "Время"
1 702 1
a Гамзатов
b Р.
4 520
1 702 1
a Гребнев
b Н.
4 730
1 50010
a Время
464 Аналитический уровень _0
1 2001
a Я не даривал ей перстня
e Я не даривал ей перстня...
1 702 1
a Прокофьев
b А.
4 520
1 50010
a Русские акварели
464 Аналитический уровень _0
1 2001
a Сама, как верба
e Минуточка, хвилиночка, девчоночка, дивчиночка...
1 702 1
a Прокофьев
b А.
4 520
1 50010
a Русские акварели
464 Аналитический уровень _0
1 2001
a Утро было розово
e Утро было розово на Иван-Купала...
1 702 1
a Прокофьев
b А.
4 520
1 50010
a Русские акварели
464 Аналитический уровень _0
1 2001
a Померкло колечко
e Померкло колечко на правой руке...
1 702 1
a Прокофьев
b А.
4 520
1 50010
a Русские акварели
464 Аналитический уровень _0
1 2001
a Хорошее настроение
e Вот иду я по лесу...
1 702 1
a Прокофьев
b А.
4 520
1 50010
a Русские акварели
464 Аналитический уровень _0
1 2001
a Карусель
e Тебе, тебе, курчавый мальчуган...
1 702 1
a Родари
b Дж.
4 520
1 702 1
a Маршак
b С.
4 730
464 Аналитический уровень _0
1 2001
a Издольщики
e Нас гонят, словно стадо...
1 702 1
a Хьюз
b Л.
4 520
1 702 1
a Британишский
b В.
4 730
464 Аналитический уровень _0
1 2001
a Беглец
e Скорей, беглец, в болото и скроешь в воде следы...
1 702 1
a Хьюз
b Л.
4 520
1 702 1
a Васильев
b В.
4 730
464 Аналитический уровень _0
1 2001
a Силуэт
e Прекрасная леди Юга...
1 702 1
a Хьюз
b Л.
4 520
1 702 1
a Бен
b Г.
4 730
464 Аналитический уровень _0
1 2001
a Утро и вечер
e Утро и вечер, солнце и мрак...
e романс из цикла "Время"
1 702 1
a Гамзатов
b Р.
4 520
1 702 1
a Гребнев
b Н.
4 730
1 50010
a Время
464 Аналитический уровень _0
1 2001
a Гордость
e Ты перед нами, время, не гордись...
e романс из цикла "Время"
1 702 1
a Гамзатов
b Р.
4 520
1 702 1
a Гребнев
b Н.
4 730
1 50010
a Время
512 Заглавие обложки 1_
a Заглавие обложки Песни и романсы
600 Персоналии _1
a Персоналии (Фамилия) Нисс, Софья Натановна
606 Тематические рубрики 0_
a Основная рубрика Песни и романсы советских композиторов
610 Ключевые слова 0_
a Ключевые слова песни и романсы советских композиторов
610 Ключевые слова 0_
a Ключевые слова Нисс С. Н.
686 Индексы других классификаций __
a Классификационный индекс 85.943.4-42(2)я44
2 Код системы rubbk
700 Автор _1
a Фамилия Нисс
b Имя (инициалы) С. Н.
g Полное личное имя Софья Натановна
702 Вторичная интеллектуальная ответственность _1
a Фамилия Александров
b Имя (инициалы) Ан.
4 Код отношения 080
801 Источник записи _0
a Страна RU
b Организация Ульяновская ОНБ
c Дата составления 20191128
g Правила каталогизации PSBO
801 Источник записи _1
a Страна RU
b Организация Ульяновская ОНБ
c Дата составления 20191128
901 Тип документа __
t Тип документа m
909 Создатель записи __
a Создатель записи Грязнова И. Е.
938 Служебная информация __
a Имя БД noti
b Имя библиотеки УОНБ
c Имя АИБС МАРК-SQL
d Номер DOC_ID в БД 21577